00590cam a22002173a 45000010005000000030006000050050017000110080041000280400015000690420007000840500006000911000030000972450063001272600029001905060030002195160020002496530024002696530010002938300028003038560041003314095PGUSA20140828083048.0030501s2003||||xxu|||||s|||||000 | eng d aPGUSAbeng adc 4aB1 aPater, Walter,d1839-189410aPlato and Platonismh[electronic resource] /cWalter Pater bProject Gutenberg,c2003 aPublic domain in the USA. aElectronic text aPhilosophy, Ancient aPlato 0aProject Gutenbergv409540uhttp://www.gutenberg.org/ebooks/4095